000 00679nam a22002057a 4500
003 OSt
005 20260317021444.0
008 260317b |||||||| |||| 00| 0 eng d
020 _a 0-380-45864-0
040 _aDWCL GS lib
_cOC
100 _aSOBOL, KEN
245 _a The devil and Daniel mouse
_cSOBOL, KEN
260 _a New York
_b Avon Books
_c1979
300 _avii, 63 pages
_c23cm.
520 _aWhen a young female mouse makes a deal with the devil to become a rock star and learns the price, her boyfriend has to help her avoid damnation.
546 _aEnglish
650 _2fantasy-comedy
650 _2Authenticity Over Fame
942 _2ddc
_cFIC.
_hFic.
_n0
999 _c9199
_d9199